| Tag |
First Indicator |
Second Indicator |
Subfields |
| LEADER |
00000cam a2200000 i 4500 |
| 001 |
in00004013721 |
| 005 |
20190307104231.0 |
| 006 |
m o d f |
| 007 |
cr ||||||||||| |
| 008 |
160728s1972 dcuab obf f001 0 eng c |
| 035 |
|
|
|a (OCoLC)ocn954179976
|
| 042 |
|
|
|a pcc
|
| 043 |
|
|
|a n-us-wy
|
| 040 |
|
|
|a COP
|b eng
|e rda
|e pn
|c COP
|d OCLCO
|d OCLCF
|d GPO
|d MERUC
|d GPO
|d MvI
|
| 049 |
|
|
|a WWW
|
| 074 |
|
|
|a 0625 (online)
|
| 086 |
0 |
|
|a I 19.13:1897
|
| 100 |
1 |
|
|a Crist, Marvin A.,
|d 1930-
|e author.
|
| 245 |
1 |
0 |
|a Ground-water resources of Natrona County, Wyoming /
|c by Marvin A. Crist and Marlin E. Lowry.
|
| 264 |
|
1 |
|a [Washington, D.C.] :
|b United States Department of the Interior, Geological Survey,
|c 1972.
|
| 264 |
|
2 |
|a Washington :
|b United States Government Printing Office
|
| 300 |
|
|
|a 1 online resource (iv, 92 pages, 3 pages of plates) :
|b illustrations, maps.
|
| 336 |
|
|
|a text
|b txt
|2 rdacontent
|
| 337 |
|
|
|a computer
|b c
|2 rdamedia
|
| 338 |
|
|
|a online resource
|b cr
|2 rdacarrier
|
| 490 |
1 |
|
|a Geological Survey water-supply paper ;
|v 1897
|
| 500 |
|
|
|a "Prepared in cooperation with the Wyoming State Engineer."
|
| 504 |
|
|
|a Includes bibliographical references (pages 88-90).
|
| 588 |
|
|
|a Description based on online resource, PDF version; title from title page (USGS, viewed July 28, 2016).
|
| 650 |
|
0 |
|a Groundwater
|z Wyoming
|z Natrona County.
|
| 650 |
|
7 |
|a Groundwater.
|2 fast
|0 (OCoLC)fst00948209
|
| 651 |
|
7 |
|a Wyoming
|z Natrona County.
|2 fast
|0 (OCoLC)fst01221568
|
| 700 |
1 |
|
|a Lowry, Marlin E.,
|d 1930-2015,
|e author.
|
| 710 |
2 |
|
|a Geological Survey (U.S.),
|e issuing body.
|
| 710 |
1 |
|
|a Wyoming.
|b State Engineer's Office.
|
| 776 |
0 |
8 |
|i Print version:
|a Crist, Marvin A.
|t Ground-water resources of Natrona County, Wyoming
|w (OCoLC)380780
|
| 830 |
|
0 |
|a Geological Survey water-supply paper ;
|v 1897.
|
| 856 |
4 |
0 |
|u https://purl.fdlp.gov/GPO/gpo107149
|t 0
|
| 999 |
f |
f |
|s 48306f4d-1086-3b3d-98a3-4eeda7e74dcb
|i f09785d6-6f7d-37bb-bba7-cc1ad99d3fd3
|t 0
|
| 952 |
f |
f |
|a Texas A&M University
|b College Station
|c Electronic Resources
|d Available Online
|t 0
|e I 19.13:1897
|h Superintendent of Documents classification
|
| 998 |
f |
f |
|a I 19.13:1897
|t 0
|l Available Online
|